Normal view
MARC view
Entry Nombre de reunión
001 - NÚMERO DE CONTROL
- campo de control: 27448
003 - IDENTIFICADOR DEL NÚMERO DE CONTROL
- campo de control: FranzMayer
005 - FECHA Y HORA DE LA ÚLTIMA TRANSACCIÓN
- campo de control: 20190320211305.0
008 - DATOS DE LONGITUD FIJA
- campo de control de longitud fija: 190320|| aca||aabn | a|a d
040 ## - FUENTE DE LA CATALOGACIÓN
- Centro catalogador/agencia de origen: FranzMayer
- Centro/agencia transcriptor: FranzMayer
111 ## - ENCABEZAMIENTO--NOMBRE DE CONGRESO/REUNIÓN
- Nombre de congreso/reunión o jurisdicción como elemento de entrada: Taller sobre la cría del gusano de seda
- Fecha del congreso/reunión: 17 al 18 de febrero 1987
- Sede del congreso/Lugar de la reunión: San Mateo Peñasco (Tlaxiaco)
- Unidad subordinada: Centro coordinador indigenista de la Mixteca Alta
670 ## - FUENTE DE DATOS ENCONTRADOS
- Cita de la fuente: Work cat.: (FranzMayer): Taller sobre la cría del gusano de seda 17 al 18 de febrero 1987 San Mateo Peñasco (Tlaxiaco) Centro coordinador indigenista de la Mixteca Alta, Manual de la cría del gusano de seda reproducción de la Morera en la Mixteca, 1987